Historia de la filosofía griega

Guardat en:
Dades bibliogràfiques
Autor principal: Capelle, Wilhelm (Autor)
Format: Llibre
Idioma:espanyol
Publicat: Madrid Gredos 1958
Edició:1a. ed
Col·lecció:Manuales
Matèries:
Etiquetes: Afegir etiqueta
Sense etiquetes, Sigues el primer a etiquetar aquest registre!

MARC

LEADER 00000cam a2200000 a 4500
001 UCL7190
003 CL-VaPUC
008 040507e19580000SP |||||||||||||||||spa|d
020 |a 8424920317 
082 0 4 |a 180.9  |b CAP  |2 21 
100 0 |a Capelle, Wilhelm  |e author  |9 485002 
245 1 0 |a Historia de la filosofía griega 
250 |a 1a. ed 
300 |a 414 p 
942 |c BK 
945 |d 20040507 00:00:00  |a cmena 
260 |a Madrid  |b Gredos  |c 1958 
600 0 7 |a PLATON  |2 CL-VaPUC  |9 222 
600 0 |a Aristóteles,  |d 384 a.C.- 322 a.C.  |9 194 
650 0 |a Filosofía griega  |9 265579 
650 0 |a Filosofía antigua   |9 255705 
650 0 |a Historia de la filosofía  |9 256920 
583 |a last modification  |c 20120717 03:35:46  |k Rodrigo Vera 
490 0 |a Manuales 
999 |c 309042  |d 309040 
952 |0 0  |1 0  |4 0  |6 180_900000000000000_CAP_1958  |7 0  |8 A  |9 376125  |a BIBEDU  |b BIBEDU  |d 2019-11-21  |i 4012461  |l 3  |m 3  |o 180.9 CAP 1958  |p 4012461  |r 2023-10-16  |s 2023-10-12  |w 2019-11-21  |y BK  |k BME 
952 |0 0  |1 0  |4 0  |6 180_900000000000000_CAP_1958  |7 0  |8 A  |9 376126  |a BIBING  |b BIBING  |d 2019-11-21  |i 4874528  |o 180.9 CAP 1958  |p 4874528  |r 2023-03-02  |w 2019-11-21  |y BK  |k CUI